[Event "URS-chT Republics 13th final A"]
[Site "Riga"]
[Date "1975.07.??"]
[Round "2"]
[White "Giorgadze, Tamaz"]
[Black "Tseitlin, Mark D"]
[Result "0-1"]
[WhiteElo "2440"]
[BlackElo "2410"]
[PlyCount "112"]
[EventDate "1975.07.??"]
[EventType "team-tourn"]
[EventRounds "4"]
[EventCountry "URS"]
[SourceTitle "EXT 2020"]
[Source "ChessBase"]
[SourceDate "2019.10.17"]
[SourceVersion "1"]
[SourceVersionDate "2019.10.17"]
[SourceQuality "1"]
[WhiteTeam "Georgia"]
[BlackTeam "Leningrad"]
[WhiteTeamCountry "GEO"]
[BlackTeamCountry "RUS"]

1. e4 g6 2. d4 Bg7 3. Nf3 d6 4. Be2 Nf6 5. Nc3 O-O 6. O-O Bg4 7. h3 Bxf3 8.
Bxf3 Nc6 9. d5 Ne5 10. Be2 c6 11. f4 Ned7 12. Bf3 Qa5 13. Kh1 Rac8 14. Rf2 Nb6
15. Re2 Nc4 16. dxc6 bxc6 17. Qd3 d5 18. e5 Nd7 19. Bg4 e6 20. Qg3 Nc5 21. b3
Nd6 22. Qe1 Nde4 23. Nxe4 Qxe1+ 24. Rxe1 Nxe4 25. Bf3 f5 26. exf6 Bxf6 27. Rb1
Bc3 28. Re3 Bd4 29. Re1 Bf2 30. Rxe4 dxe4 31. Bxe4 Bg3 32. Be3 Rf7 33. Rf1 Rcf8
34. Bxc6 Bxf4 35. Bxf4 Rxf4 36. Bf3 e5 37. Re1 Re8 38. Be4 Kf7 39. b4 Rd8 40.
c4 Rd4 41. Bd5+ Kf6 42. a4 Rf2 43. a5 Ra2 44. Kg1 Ra4 45. Rf1+ Rf4 46. Re1 Rd4
47. Rf1+ Kg5 48. Rf7 Ra1+ 49. Kh2 h5 50. Re7 e4 51. b5 h4 52. Rxe4 Rxe4 53.
Bxe4 Rxa5 54. Kg1 Ra4 55. Bd5 Kf4 56. Kh2 Rb4 0-1

[Event "ZSK International-17 Odessa"]
[Site "Odessa"]
[Date "1976.08.01"]
[Round "2"]
[White "Tseitlin, Mark D"]
[Black "Savon, Vladimir A"]
[Result "1-0"]
[WhiteElo "2410"]
[BlackElo "2545"]
[PlyCount "80"]
[EventDate "1976.07.31"]
[EventType "tourn"]
[EventRounds "15"]
[EventCountry "URS"]
[SourceTitle "EXT 1998"]
[Source "ChessBase"]
[SourceDate "1997.11.17"]
[SourceVersion "1"]
[SourceVersionDate "1997.11.17"]
[SourceQuality "1"]

1. e4 c5 2. Nf3 d6 3. Bb5+ Bd7 4. Bxd7+ Qxd7 5. O-O Nc6 6. c3 d5 7. exd5 Qxd5
8. d4 e6 9. Be3 cxd4 10. Nxd4 e5 11. Qb3 Qxb3 12. Nxb3 O-O-O 13. N1d2 f5 14.
Rad1 Nf6 15. Nc4 Be7 16. Nba5 Nxa5 17. Nxa5 Kb8 18. Nc4 Ng4 19. h3 Nxe3 20.
fxe3 f4 21. Kf2 Rhf8 22. Ke2 Rxd1 23. Kxd1 Rf5 24. a4 Kc7 25. Rf2 Bh4 26. Rf3
Bg3 27. e4 Rg5 28. Ke2 Bh4 29. Kf1 Rh5 30. g4 Rh6 31. Nxe5 Re6 32. Nd3 g5 33.
e5 Kc6 34. c4 a5 35. Ke2 Kc7 36. Rf1 Rc6 37. Rc1 Kd7 38. Kf3 Ke6 39. Ke4 Rc8
40. Rc3 b6 {time} 1-0

[Event "ZSK International-17 Odessa"]
[Site "Odessa"]
[Date "1976.08.??"]
[Round "11"]
[White "Ignatiev, Felix N"]
[Black "Tseitlin, Mark D"]
[Result "0-1"]
[WhiteElo "2415"]
[BlackElo "2410"]
[PlyCount "152"]
[EventDate "1976.07.31"]
[EventType "tourn"]
[EventRounds "15"]
[EventCountry "URS"]
[SourceTitle "EXT 1998"]
[Source "ChessBase"]
[SourceDate "1997.11.17"]
[SourceVersion "1"]
[SourceVersionDate "1997.11.17"]
[SourceQuality "1"]

1. c4 g6 2. Nc3 Bg7 3. g3 e5 4. Bg2 f5 5. d3 d6 6. e4 Nf6 7. Nge2 O-O 8. O-O
Nc6 9. f4 Be6 10. Nd5 Qd7 11. Qc2 Rf7 12. Kh1 Raf8 13. Be3 fxe4 14. dxe4 Bh3
15. Bxh3 Qxh3 16. Ng1 Qh5 17. f5 Ng4 18. Qe2 Bh6 19. Rae1 gxf5 20. h3 f4 21.
Qxg4+ Qxg4 22. hxg4 fxe3 23. Rxf7 Rxf7 24. Nh3 Nd4 25. g5 Nf3 26. Rxe3 Nxg5 27.
Nxg5 Bxg5 28. Rb3 c6 29. Nc3 Be3 30. Kg2 Bd4 31. Nd1 Kf8 32. Ne3 Bxe3 33. Rxe3
Ke7 34. Rd3 Ke6 35. Rd1 a6 36. Rh1 b5 37. b3 Kd7 38. a4 bxc4 39. bxc4 a5 40.
Rb1 Kc7 41. Rd1 Rf6 42. c5 dxc5 43. Rc1 Kb6 44. Rb1+ Kc7 45. Rc1 c4 46. Rxc4
Kb6 47. g4 Rd6 48. Rc1 Rd4 49. Kf3 Rxa4 50. g5 Rd4 51. Rb1+ Kc7 52. Ra1 Kb6 53.
Rb1+ Ka6 54. Rc1 Kb5 55. Rb1+ Ka6 56. Rc1 Kb6 57. Rb1+ Kc7 58. Ra1 a4 59. Rh1
Rd7 60. Ra1 Rg7 61. Rxa4 Kd6 62. Ra1 Rxg5 63. Rd1+ Kc7 64. Rh1 h5 65. Rc1 Rg8
66. Rh1 Rf8+ 67. Ke3 Rh8 68. Kf3 h4 69. Kg4 h3 70. Kf5 Kd6 71. Rd1+ Ke7 72.
Kxe5 h2 73. Rh1 Rh5+ 74. Kf4 Ke6 75. Kg4 Rh7 76. Kf4 Rh8 0-1

[Event "Leningrad-ch50"]
[Site "Leningrad"]
[Date "1977.??.??"]
[Round "?"]
[White "Tseitlin, Mark D"]
[Black "Karasev, Vladimir I"]
[Result "1-0"]
[WhiteElo "2450"]
[BlackElo "2515"]
[PlyCount "112"]
[EventDate "1977.??.??"]
[EventType "tourn"]
[EventRounds "13"]
[EventCountry "URS"]
[SourceTitle "EXT 2002"]
[Source "ChessBase"]
[SourceDate "2001.11.25"]
[SourceVersion "1"]
[SourceVersionDate "2001.11.25"]
[SourceQuality "1"]

1. e4 d6 2. d4 Nf6 3. Nc3 g6 4. Bg5 c6 5. Qd2 b5 6. Bd3 h6 7. Be3 Ng4 8. Bf4 e5
9. dxe5 dxe5 10. Bg3 Nd7 11. Nf3 Qe7 12. Bh4 Qe6 13. a4 b4 14. Nd1 a5 15. b3
Ngf6 16. Nb2 Nh5 17. O-O-O g5 18. Bc4 Qf6 19. Bg3 Be7 20. h4 g4 21. Nh2 Nxg3
22. fxg3 Qg6 23. Rhf1 O-O 24. Nd3 Qg7 25. Qe3 Kh7 26. Kb1 c5 27. Bb5 Ra7 28.
Rf2 Rc7 29. Qe2 Nb6 30. Qe3 f5 31. Rfd2 Bb7 32. Nb2 Bxe4 33. Nc4 Nxc4 34. Bxc4
Bc6 35. Nf1 f4 36. gxf4 exf4 37. Qe6 Kh8 38. Nh2 f3 39. Nxg4 fxg2 40. Ka2 Bf3
41. Ne5 Be4 42. Rxg2 Bxg2 43. Ng6+ Kh7 44. Nxf8+ Bxf8 45. Rd2 Kh8 46. Qf5 Be7
47. Rxg2 Qxg2 48. Qe5+ Qg7 49. Qxc7 Bf8 50. Qd8 Qe7 51. Qxa5 Qxh4 52. Qa8 Qf2
53. Qe4 Bg7 54. a5 h5 55. a6 Qf6 56. Qe8+ Kh7 1-0

[Event "URS"]
[Site "Soviet Union"]
[Date "1977.??.??"]
[Round "?"]
[White "Tseitlin, Mark D"]
[Black "Lukin, Andrei M"]
[Result "1-0"]
[WhiteElo "2450"]
[BlackElo "2455"]
[PlyCount "67"]
[EventDate "1977.??.??"]
[EventType "game"]
[EventRounds "9"]
[EventCountry "URS"]
[SourceTitle "EXT 2010"]
[Source "ChessBase"]
[SourceDate "2010.11.25"]
[SourceVersion "1"]
[SourceVersionDate "2010.11.25"]
[SourceQuality "1"]

1. e4 c5 2. c3 d5 3. exd5 Qxd5 4. d4 e6 5. Nf3 Nf6 6. Bd3 Be7 7. O-O O-O 8. c4
Qd8 9. dxc5 Na6 10. Qe2 Nb4 11. Rd1 Qc7 12. Nc3 Nxd3 13. Rxd3 Qxc5 14. Ne5 Rd8
15. Rg3 Bd7 16. Bg5 Kf8 17. b4 Qxb4 18. Rb1 Qd6 19. Rxb7 Be8 20. h3 h6 21. Qe3
hxg5 22. Qxg5 g6 23. Rf3 Rd7 24. Rxf6 Bxf6 25. Qxf6 Qxe5 26. Qxe5 Rxb7 27. Ne4
Rb1+ 28. Kh2 Kg8 29. h4 Rab8 30. h5 gxh5 31. Nf6+ Kf8 32. Qc5+ Kg7 33. Qg5+ Kf8
34. Nh7# 1-0

[Event "URS"]
[Site "Soviet Union"]
[Date "1977.??.??"]
[Round "?"]
[White "Tseitlin, Mark D"]
[Black "Muratov, Vladimir A"]
[Result "1-0"]
[WhiteElo "2450"]
[BlackElo "2430"]
[PlyCount "97"]
[EventDate "1977.??.??"]
[EventType "game"]
[EventRounds "9"]
[EventCountry "URS"]
[SourceTitle "EXT 2010"]
[Source "ChessBase"]
[SourceDate "2010.11.25"]
[SourceVersion "1"]
[SourceVersionDate "2010.11.25"]
[SourceQuality "1"]

1. e4 e6 2. d4 d5 3. Nd2 Nc6 4. Ngf3 Nh6 5. c3 f5 6. exd5 exd5 7. Bd3 Bd6 8.
O-O O-O 9. Re1 Qf6 10. Qb3 Ne7 11. Ne5 Bxe5 12. dxe5 Qb6 13. Nf3 f4 14. Bd2 Bf5
15. Bf1 Bg4 16. Qxb6 axb6 17. Nd4 g5 18. f3 Bf5 19. g4 Bc8 20. Nb5 c6 21. Nc7
Ra7 22. c4 d4 23. e6 Kg7 24. Bb4 c5 25. Bd2 Nhg8 26. a4 Nc6 27. b3 Nge7 28. Bd3
h6 29. Re4 Rd8 30. Rae1 Kf8 31. h4 Kg7 32. Kg2 Rf8 33. hxg5 hxg5 34. R4e2 Rh8
35. Rh1 Rxh1 36. Kxh1 Nb4 37. Bxb4 cxb4 38. Nd5 Kf8 39. Nxb4 Ra5 40. Nd5 Ra6
41. Bf5 b5 42. axb5 Ra3 43. Rb2 Ra1+ 44. Kg2 Re1 45. Kf2 Re5 46. Re2 Rxe2+ 47.
Kxe2 Nxd5 48. cxd5 Ke7 49. b6 1-0

[Event "Olomouc Sigma 10th"]
[Site "Olomouc"]
[Date "1977.08.??"]
[Round "?"]
[White "Hlousek, Zdenek"]
[Black "Tseitlin, Mark D"]
[Result "0-1"]
[WhiteElo "2365"]
[BlackElo "2450"]
[PlyCount "72"]
[EventDate "1977.08.10"]
[EventType "tourn"]
[EventRounds "11"]
[EventCountry "CZE"]
[SourceTitle "EXT 2010"]
[Source "ChessBase"]
[SourceDate "2010.11.25"]
[SourceVersion "1"]
[SourceVersionDate "2010.11.25"]
[SourceQuality "1"]

1. e4 e5 2. Nf3 Nc6 3. Bb5 a6 4. Ba4 Nf6 5. O-O Be7 6. Re1 b5 7. Bb3 O-O 8. a4
b4 9. d4 d6 10. dxe5 Nxe5 11. Nxe5 dxe5 12. Qxd8 Rxd8 13. Nd2 Bc5 14. Nc4 Nxe4
15. Be3 Bxe3 16. Rxe3 Nc5 17. Nxe5 Nxb3 18. Rxb3 c5 19. Re3 Be6 20. Nd3 Rac8
21. Kf1 a5 22. Ke2 Kf8 23. f3 c4 24. Nf4 Bf5 25. c3 g5 26. Nh5 bxc3 27. bxc3
Rb8 28. Ra2 Rb3 29. Re5 Bd3+ 30. Kf2 Rxc3 31. Rxa5 Rb3 32. Rxg5 c3 33. Kg3 Rc8
34. Nf6 Bg6 35. Nd7+ Ke7 36. Nc5 Rb1 0-1

[Event "Khodzhaev Memorial-06"]
[Site "Tashkent"]
[Date "1977.10.??"]
[Round "?"]
[White "Mukhin, Evgeny B"]
[Black "Tseitlin, Mark D"]
[Result "0-1"]
[WhiteElo "2320"]
[BlackElo "2450"]
[PlyCount "102"]
[EventDate "1977.10.06"]
[EventType "tourn"]
[EventRounds "15"]
[EventCountry "URS"]
[SourceTitle "EXT 2002"]
[Source "ChessBase"]
[SourceDate "2001.11.25"]
[SourceVersion "1"]
[SourceVersionDate "2001.11.25"]
[SourceQuality "1"]

1. e4 g6 2. d4 Bg7 3. Nc3 c6 4. Be3 d5 5. f3 dxe4 6. fxe4 Nf6 7. Be2 O-O 8. h3
Qa5 9. Qd2 c5 10. d5 e6 11. Bf3 exd5 12. exd5 Nbd7 13. Bf4 Re8+ 14. Nge2 b5 15.
d6 b4 16. Bxa8 bxc3 17. Qxc3 Qxc3+ 18. bxc3 Ba6 19. Bf3 Bxe2 20. Bxe2 Nd5 21.
Bg5 Bxc3+ 22. Kf2 Bd4+ 23. Kf3 Re5 24. h4 Rf5+ 25. Kg3 Be5+ 26. Kh3 Rxg5 27.
hxg5 Nf4+ 28. Kg4 Nxe2 29. Rad1 f5+ 30. Kh4 Kf7 31. Rd3 Nf4 32. Ra3 Nxg2+ 33.
Kh3 Nf4+ 34. Kg3 Ne6+ 35. Kh4 Nd4 36. Kh3 Ke6 37. Kg2 Bxd6 38. Rxa7 Ne5 39.
Rhxh7 Nxc2 40. a4 f4 41. a5 f3+ 42. Kf2 c4 43. Ra6 Nb4 44. Rb6 Kd5 45. Rb5+
Bc5+ 46. Kg3 f2 47. Rxc5+ Kxc5 48. Kxf2 c3 49. Rc7+ Nec6 50. Ke2 Kb5 51. Rg7
Nd4+ 0-1

[Event "Leningrad-ch51"]
[Site "Leningrad"]
[Date "1978.??.??"]
[Round "?"]
[White "Reshko, Aron G"]
[Black "Tseitlin, Mark D"]
[Result "0-1"]
[WhiteElo "2425"]
[BlackElo "2480"]
[PlyCount "52"]
[EventDate "1978.??.??"]
[EventType "tourn"]
[EventRounds "17"]
[EventCountry "URS"]
[SourceTitle "EXT 2002"]
[Source "ChessBase"]
[SourceDate "2001.11.25"]
[SourceVersion "1"]
[SourceVersionDate "2001.11.25"]
[SourceQuality "1"]

1. c4 Nf6 2. Nc3 c5 3. g3 d5 4. cxd5 Nxd5 5. Bg2 Nc7 6. d3 e5 7. Be3 Ne6 8. Rc1
Be7 9. Qb3 Nc6 10. Bxc6+ bxc6 11. Ne4 Nd4 12. Qc3 O-O 13. Nf3 Bg4 14. Ned2 Re8
15. h3 Be6 16. g4 Bd5 17. Rg1 Rb8 18. b3 c4 19. Nxe5 Nb5 20. Qa1 cxb3 21. a4
Bf6 22. axb5 Bxe5 23. Qxa7 Rxb5 24. Qa4 Bb2 25. Rb1 Bc3 26. Rg3 Ra5 0-1

[Event "Leningrad-ch52 Final playoff"]
[Site "Leningrad"]
[Date "1979.??.??"]
[Round "?"]
[White "Tseitlin, Mark D"]
[Black "Polovodin, Igor A"]
[Result "1-0"]
[WhiteElo "2505"]
[BlackElo "2355"]
[PlyCount "81"]
[EventDate "1979.??.??"]
[EventType "match"]
[EventRounds "4"]
[EventCountry "URS"]
[SourceTitle "EXT 2002"]
[Source "ChessBase"]
[SourceDate "2001.11.25"]
[SourceVersion "1"]
[SourceVersionDate "2001.11.25"]
[SourceQuality "1"]

1. e4 e5 2. Nf3 Nc6 3. Bb5 a6 4. Ba4 Nf6 5. Qe2 Be7 6. O-O b5 7. Bb3 O-O 8. c3
d6 9. d4 Bg4 10. Rd1 Qc8 11. h3 Bh5 12. Bg5 h6 13. Bxf6 Bxf3 14. Qxf3 Bxf6 15.
Bd5 Qe8 16. dxe5 Nxe5 17. Qg3 Rb8 18. Nd2 Qe7 19. f4 c6 20. Bb3 Nd7 21. Bc2 g6
22. Nf3 Bg7 23. Nd4 Rbc8 24. Qf3 Rfe8 25. Kh1 c5 26. Ne2 Nf6 27. Ng3 h5 28. Re1
h4 29. Nf1 Qb7 30. Rad1 Rcd8 31. Re2 c4 32. Rde1 Nh5 33. Qg4 Qe7 34. e5 dxe5
35. fxe5 Rf8 36. Rf2 Rd5 37. e6 Kh8 38. Ree2 Qg5 39. Be4 Re5 40. Qxg5 Rxg5 41.
e7 1-0

[Event "Leningrad-ch53"]
[Site "Leningrad"]
[Date "1980.??.??"]
[Round "?"]
[White "Tseitlin, Mark D"]
[Black "Yuneev, Alexey"]
[Result "1-0"]
[WhiteElo "2515"]
[BlackElo "2330"]
[PlyCount "79"]
[EventDate "1980.??.??"]
[EventType "tourn"]
[EventRounds "14"]
[EventCountry "URS"]
[SourceTitle "EXT 2002"]
[Source "ChessBase"]
[SourceDate "2001.11.25"]
[SourceVersion "1"]
[SourceVersionDate "2001.11.25"]
[SourceQuality "1"]

1. e4 e5 2. Nf3 Nc6 3. Bb5 a6 4. Ba4 d6 5. O-O Bd7 6. d4 Nf6 7. c3 Be7 8. Re1
O-O 9. Nbd2 Re8 10. Nf1 h6 11. Ng3 Bf8 12. h3 g6 13. a3 Qe7 14. b4 Rad8 15. Bb3
Bg7 16. Bb2 Bc8 17. Qc2 Nh7 18. Rad1 Ng5 19. Re3 Bf6 20. Nf1 Kg7 21. Nxg5 hxg5
22. Ree1 g4 23. Ne3 gxh3 24. Nd5 Qe6 25. Rd3 Qg4 26. Rxh3 Bh4 27. Ne3 Qh5 28.
Rh2 Qg5 29. Bc1 Rh8 30. Nf5+ gxf5 31. Bxg5 Bxg5 32. Rxh8 Rxh8 33. exf5 Kf6 34.
Qe4 exd4 35. g4 Bd2 36. f4 Bxe1 37. g5+ Kg7 38. f6+ Kf8 39. g6 fxg6 40. Qxg6
1-0

[Event "URS Army Team-ch"]
[Site "Tbilisi"]
[Date "1980.09.??"]
[Round "?"]
[White "Tseitlin, Mark D"]
[Black "Timoscenko, Gennadij A"]
[Result "1-0"]
[WhiteElo "2515"]
[BlackElo "2530"]
[PlyCount "87"]
[EventDate "1980.09.10"]
[EventType "team-tourn"]
[EventRounds "9"]
[EventCountry "URS"]
[SourceTitle "EXT 2011"]
[Source "ChessBase"]
[SourceDate "2010.11.26"]
[SourceVersion "1"]
[SourceVersionDate "2010.11.26"]
[SourceQuality "1"]

1. e4 c5 2. Nf3 e6 3. d4 cxd4 4. Nxd4 Nf6 5. Nc3 d6 6. Be2 a6 7. f4 Be7 8. Be3
O-O 9. O-O Qc7 10. Bf3 Nc6 11. Kh1 Rd8 12. Qe1 Nxd4 13. Bxd4 e5 14. Be3 b5 15.
Qg3 b4 16. Nd5 Nxd5 17. exd5 Bf6 18. Be4 Re8 19. f5 Qc4 20. Rae1 Kf8 21. Bd2 a5
22. b3 Qd4 23. Rf2 Bb7 24. Qf3 Rac8 25. Rd1 Rc7 26. Be3 Qc3 27. Rd3 Qa1+ 28.
Rd1 Qxa2 29. c4 Qxb3 30. c5 a4 31. c6 Ba6 32. Rb1 Qc4 33. g4 h6 34. Rc1 Qb5 35.
h4 b3 36. g5 b2 37. Rg1 hxg5 38. hxg5 Ke7 39. gxf6+ gxf6 40. Rh2 Rf8 41. Qf2
Qb4 42. Qh4 Ke8 43. Bh6 Rh8 44. Bd2 1-0

[Event "Leningrad-ch54"]
[Site "Leningrad"]
[Date "1981.??.??"]
[Round "?"]
[White "Tseitlin, Mark D"]
[Black "Cherepkov, Alexander V"]
[Result "1-0"]
[WhiteElo "2495"]
[BlackElo "2420"]
[PlyCount "67"]
[EventDate "1981.??.??"]
[EventType "tourn"]
[EventRounds "17"]
[EventCountry "URS"]
[SourceTitle "EXT 2002"]
[Source "ChessBase"]
[SourceDate "2001.11.25"]
[SourceVersion "1"]
[SourceVersionDate "2001.11.25"]
[SourceQuality "1"]

1. e4 c5 2. Nf3 e6 3. d4 cxd4 4. Nxd4 Nc6 5. Nc3 a6 6. Bf4 d6 7. Bg3 h5 8. h3
h4 9. Bh2 Nf6 10. Be2 Bd7 11. Nb3 Qc7 12. f4 b5 13. a3 b4 14. axb4 Nxb4 15. Bf3
e5 16. O-O Be7 17. Kh1 O-O 18. Qe2 Be6 19. Na5 exf4 20. Bxf4 Nd7 21. Nd5 Bxd5
22. exd5 Nc5 23. Be3 Bd8 24. c3 Nbd3 25. b4 Re8 26. Qd2 Bf6 27. bxc5 Nxc5 28.
Bd4 Be5 29. Qg5 Nd3 30. Qxh4 Bxd4 31. cxd4 g6 32. Nc6 Re3 33. Be4 Re8 34. Bxd3
1-0

[Event "Leningrad-ch54"]
[Site "Leningrad"]
[Date "1981.??.??"]
[Round "?"]
[White "Tseitlin, Mark D"]
[Black "Varlamov, Viacheslav"]
[Result "1-0"]
[WhiteElo "2495"]
[BlackElo "2390"]
[PlyCount "81"]
[EventDate "1981.??.??"]
[EventType "tourn"]
[EventRounds "17"]
[EventCountry "URS"]
[SourceTitle "EXT 2002"]
[Source "ChessBase"]
[SourceDate "2001.11.25"]
[SourceVersion "1"]
[SourceVersionDate "2001.11.25"]
[SourceQuality "1"]

1. Nf3 c5 2. c4 g6 3. Nc3 Bg7 4. g3 Nc6 5. Bg2 e5 6. d3 Nge7 7. O-O O-O 8. Rb1
d6 9. a3 a5 10. Bd2 h6 11. Ne1 Be6 12. Nd5 Bxd5 13. cxd5 Nb8 14. b4 cxb4 15.
axb4 a4 16. e4 b5 17. Nc2 Nd7 18. Na3 Rb8 19. Be3 f5 20. Qd2 g5 21. f3 Nf6 22.
Rbc1 Rb7 23. Rc2 Ng6 24. Bh3 g4 25. fxg4 fxe4 26. g5 hxg5 27. Be6+ Kh8 28. Bxg5
exd3 29. Rc8 Qb6+ 30. Be3 Bh6 31. Bxb6 Bxd2 32. Rxf8+ Nxf8 33. Rxf6 Nh7 34. Rg6
Ng5 35. Bd8 Ne4 36. Nb1 Bxb4 37. Bf5 Rb8 38. Bh4 d2 39. Nxd2 Nxd2 40. Bf6+ Kh7
41. Rg4+ 1-0

[Event "URS-chT Republics 15th final A"]
[Site "Moscow"]
[Date "1981.05.??"]
[Round "6.4"]
[White "Sveshnikov, Evgeny"]
[Black "Tseitlin, Mark D"]
[Result "0-1"]
[WhiteElo "2535"]
[BlackElo "2495"]
[PlyCount "80"]
[EventDate "1981.05.16"]
[EventType "team-tourn"]
[EventRounds "9"]
[EventCountry "URS"]
[SourceTitle "EXT 2002"]
[Source "ChessBase"]
[SourceDate "2001.11.25"]
[SourceVersion "1"]
[SourceVersionDate "2001.11.25"]
[SourceQuality "1"]
[WhiteTeam "Russia"]
[BlackTeam "Leningrad"]
[WhiteTeamCountry "RUS"]
[BlackTeamCountry "RUS"]

1. e4 c5 2. c3 d6 3. d4 Nf6 4. dxc5 Nc6 5. Bc4 Nxe4 6. Bxf7+ Kxf7 7. Qd5+ e6 8.
Qxe4 d5 9. Qf3+ Qf6 10. Be3 Be7 11. Qg3 e5 12. Nf3 h6 13. O-O g5 14. h3 Rg8 15.
Nxe5+ Qxe5 16. f4 gxf4 17. Rxf4+ Bf5 18. Qf2 Kg6 19. Nd2 Qe6 20. Nf3 Kh7 21.
Nh4 Bxh4 22. Rxh4 Be4 23. Rxh6+ Qxh6 24. Bxh6 Rxg2+ 25. Qxg2 Bxg2 26. Kxg2 Kxh6
27. Rd1 Rd8 28. b4 Kg5 29. Kf3 Kf5 30. b5 Ne5+ 31. Ke3 Ke6 32. Rg1 Rc8 33. Rg7
Rxc5 34. Rxb7 Rxc3+ 35. Kd4 Rc4+ 36. Ke3 d4+ 37. Ke2 Rc2+ 38. Kd1 Rxa2 39. Kc1
d3 40. b6 Nc4 0-1

[Event "URS"]
[Site "Soviet Union"]
[Date "1982.??.??"]
[Round "?"]
[White "Lukin, Andrei M"]
[Black "Tseitlin, Mark D"]
[Result "0-1"]
[WhiteElo "2465"]
[BlackElo "2455"]
[PlyCount "83"]
[EventDate "1982.??.??"]
[EventType "team"]
[EventRounds "9"]
[EventCountry "URS"]
[SourceTitle "EXT 2010"]
[Source "ChessBase"]
[SourceDate "2010.11.25"]
[SourceVersion "1"]
[SourceVersionDate "2010.11.25"]
[SourceQuality "1"]

1. c4 Nf6 2. Nc3 g6 3. e4 d6 4. d4 Bg7 5. Be2 O-O 6. Bg5 c5 7. d5 b5 8. cxb5 a6
9. a4 Qa5 10. Bd2 Qb4 11. Qc2 axb5 12. Bxb5 Ba6 13. Rb1 Bxb5 14. axb5 Nbd7 15.
Nf3 Ng4 16. O-O Rfb8 17. Ra1 Nge5 18. Nxe5 Nxe5 19. b3 Qd4 20. Ra4 Rxa4 21.
bxa4 Nd3 22. a5 Nb4 23. Qc1 Qc4 24. b6 Bd4 25. Nb1 Qb5 26. Bxb4 cxb4 27. Qc7
Rf8 28. b7 e5 29. a6 Bc5 30. Qc6 Qd3 31. Qxc5 dxc5 32. a7 Qb5 33. a8=Q c4 34.
Nd2 c3 35. Nb3 Qb6 36. Ra1 c2 37. Qxf8+ Kxf8 38. Ra8+ Kg7 39. b8=Q Qd4 40. h4
Kh6 41. Qf8+ Kh5 42. Qxf7 0-1

[Event "URS-ch50 Semifinal"]
[Site "Severodonetsk"]
[Date "1982.06.??"]
[Round "?"]
[White "Sideif Sade, Fikret Israfil O"]
[Black "Tseitlin, Mark D"]
[Result "0-1"]
[WhiteElo "2355"]
[BlackElo "2455"]
[PlyCount "130"]
[EventDate "1982.06.??"]
[EventType "tourn"]
[EventRounds "17"]
[EventCountry "URS"]
[EventCategory "7"]
[SourceTitle "EXT 1999"]
[Source "ChessBase"]
[SourceDate "1998.11.16"]
[SourceVersion "1"]
[SourceVersionDate "1998.11.16"]
[SourceQuality "1"]

1. d4 Nf6 2. Nf3 g6 3. g3 Bg7 4. Bg2 O-O 5. c4 d6 6. O-O Nc6 7. Nc3 Bf5 8. b3
Ne4 9. Nd5 e5 10. Bb2 Nf6 11. dxe5 Nxd5 12. cxd5 Nxe5 13. Nd4 Bd7 14. Rc1 Rc8
15. Qd2 Re8 16. h3 c5 17. dxc6 bxc6 18. Kh2 c5 19. Nf3 Bb5 20. Rfe1 Nxf3+ 21.
Bxf3 Bxb2 22. Qxb2 d5 23. Red1 d4 24. b4 Qf6 25. Kg2 cxb4 26. Rxc8 Rxc8 27.
Qxb4 Qa6 28. Rxd4 Bc6 29. Bxc6 Qxc6+ 30. Kh2 Qf6 31. Rf4 Qe6 32. Qd2 h5 33. e3
Rb8 34. Rd4 Qf6 35. a4 Kg7 36. Rf4 Rb2 37. Rxf6 Rxd2 38. Rf4 g5 39. Rf5 Kg6 40.
g4 Ra2 41. a5 f6 42. Kg2 Ra4 43. Kf3 Ra3 44. Rc5 h4 45. Kg2 Ra4 46. Rd5 a6 47.
Rc5 Kf7 48. Kf3 Ra3 49. Ke4 Kg6 50. Rf5 Kf7 51. Rc5 Kg6 52. Kd5 Ra2 53. Ke6
Rxf2 54. e4 Re2 55. e5 Re3 56. Kd6 Rxh3 57. Ke7 Rg3 58. Rc6 Rxg4 59. Rxf6+ Kh5
60. e6 h3 61. Kf7 Re4 62. e7 Rxe7+ 63. Kxe7 g4 64. Ke6 h2 65. Rf8 Kg6 0-1

[Event "URS-ch50 Semifinal"]
[Site "Severodonetsk"]
[Date "1982.06.??"]
[Round "?"]
[White "Tseitlin, Mark D"]
[Black "Vitolinsh, Alvis"]
[Result "1-0"]
[WhiteElo "2455"]
[BlackElo "2470"]
[PlyCount "59"]
[EventDate "1982.06.??"]
[EventType "tourn"]
[EventRounds "17"]
[EventCountry "URS"]
[EventCategory "7"]
[SourceTitle "EXT 2009"]
[Source "ChessBase"]
[SourceDate "2008.11.26"]
[SourceVersion "1"]
[SourceVersionDate "2008.11.26"]
[SourceQuality "1"]

1. e4 c5 2. Nf3 d6 3. d4 cxd4 4. Qxd4 Nc6 5. Bb5 Bg4 6. Nc3 (6. Nbd2 e6 7. O-O
Nge7 8. c4 a6 9. Bxc6+ Nxc6 10. Qc3 Qf6 11. Qxf6 gxf6 12. b3 Ne5 13. h3 Bh5 14.
Nd4 Nd3 15. g4 Bg6 16. f4 Bh6 17. Ne2 e5 18. f5 Nxc1 19. Raxc1 Bxd2 20. Rc2 Bb4
21. Kg2 Rf8 {1/2-1/2 Polovodin,I (2455)-Vitolinsh,A (2475)/Moscow 1981(66)})
6... Bxf3 7. gxf3 Nf6 8. Bg5 $1 {(Gipslis)} (8. Qa4 g6 9. Bg5 Nd7 10. O-O-O Qc8
11. Nd5 a6 12. Be2 Bg7 13. h4 Rb8 14. h5 b5 15. Qa3 Nc5 16. h6 Be5 17. f4 b4
18. Qe3 b3 19. fxe5 bxa2 20. Kd2 Rxb2 21. exd6 Nb3+ 22. Kc3 Rxc2+ 23. Kxb3 Rxe2
24. Nc7+ Kd7 25. Qb6 e6 26. Be3 Qb8 27. Qxb8 Rxb8+ 28. Kc3 Reb2 29. Nxa6 R8b3+
30. Kc4 Ne5+ 31. Kd4 Kxd6 32. Nc5 Ra3 33. Bd2 a1=Q 34. Nb7+ {0-1 Panchenko,A 
(2485)-Vitolinsh,A (2430)/URS-ch49 otbor Beltsy 1979}) 8... Nd7 9. Qd2 a6 10.
Be2 g6 11. h4 $1 Bg7 12. h5 Qa5 13. Nd5 Qxd2+ 14. Bxd2 O-O 15. hxg6 hxg6 16.
O-O-O e6 17. Nf4 Rfd8 18. Be3 Nde5 19. Bb6 Rd7 20. Ng2 Ne7 21. f4 N5c6 22. c4
Nc8 23. Be3 b5 24. f5 exf5 25. exf5 N8e7 26. fxg6 Nxg6 27. Nh4 Nxh4 28. Rxh4
bxc4 29. Bf3 $1 Rc7 30. Rg1 1-0

[Event "Leningrad-ch56"]
[Site "Leningrad"]
[Date "1983.01.??"]
[Round "?"]
[White "Yuneev, Alexey"]
[Black "Tseitlin, Mark D"]
[Result "0-1"]
[WhiteElo "2335"]
[BlackElo "2455"]
[PlyCount "55"]
[EventDate "1983.01.??"]
[EventType "tourn"]
[EventRounds "17"]
[EventCountry "URS"]
[SourceTitle "EXT 2006"]
[Source "ChessBase"]
[SourceDate "2005.11.24"]
[SourceVersion "1"]
[SourceVersionDate "2005.11.24"]
[SourceQuality "1"]

1. d4 Nf6 2. c4 g6 3. Nc3 d5 4. Nf3 Bg7 5. cxd5 Nxd5 6. Qb3 Nxc3 7. bxc3 O-O 8.
Ba3 (8. e3) 8... b6 9. Rd1 $146 (9. e3 {Kan,I-Bogatyrev,O Moscow-ch 1947 0-1})
9... Nc6 10. e3 Na5 11. Qb4 Be6 $1 12. Qxe7 Bxa2 {[%csl Ga7][%cal Ga7a1]} 13.
Qb4 Bb3 $15 14. Rd2 Re8 15. c4 c5 $1 16. dxc5 Qc7 $15 17. cxb6 axb6 18. Bb2
Nxc4 $36 {[%csl Gc4]} 19. Bxc4 Bxc4 20. Bxg7 Kxg7 21. Qc3+ Kg8 22. Rc2 b5 $17
23. h4 Qe7 24. h5 Ra3 25. Qb2 Rxe3+ 26. fxe3 Qxe3+ 27. Kd1 Bb3 28. Nd4 0-1